[Event "Moscow Aeroflot op"]
[Site "Moscow"]
[Date "2002.02.09"]
[Round "7"]
[White "Zvjaginsev, Vadim"]
[Black "Rychagov, Andrey"]
[Result "1-0"]
[WhiteElo "2656"]
[BlackElo "2544"]
[PlyCount "95"]
[EventDate "2002.02.04"]
[EventType "swiss"]
[EventRounds "9"]
[EventCountry "RUS"]
[Source "Fruth,M"]
[SourceDate "2003.05.15"]

1. c4 e6 2. Nf3 d5 3. d4 Nf6 4. Nc3 Be7 5. Bg5 O-O 6. e3 h6 7. Bh4 b6 8. a4 c5
9. cxd5 exd5 10. Be2 Be6 11. O-O Nc6 12. Ne5 Nb4 13. Na2 Nxa2 14. Rxa2 Qc7 15.
f3 cxd4 16. exd4 Nh5 17. Bxe7 Qxe7 18. Qd2 a5 19. Raa1 Rfc8 20. Rac1 Nf6 21.
Bb5 Ne8 22. Nc6 Qf6 23. Qe3 Rc7 24. Qe5 Rac8 25. Rc3 Kf8 26. Rfc1 Qxe5 27. dxe5
Bd7 28. Kf2 f6 29. f4 g5 30. g3 fxe5 31. fxe5 Bg4 32. Ke3 Ng7 33. Nd4 Rc5 34.
Rf1+ Kg8 35. Rf6 Rxc3+ 36. bxc3 Rxc3+ 37. Kd2 Rc7 38. Rxb6 Re7 39. Rb8+ Kf7 40.
Nc6 Rc7 41. Nxa5 Bc8 42. Nc6 Ne6 43. a5 Nc5 44. Rb6 Nb3+ 45. Ke3 d4+ 46. Ke4
Kg7 47. a6 Nc5+ 48. Kd5 1-0

[Event "Petrov mem op"]
[Site "St.Petersburg"]
[Date "2002.02.17"]
[Round "6"]
[White "Mchedlishvili, Mikheil"]
[Black "Khurtsidze, Nino"]
[Result "1/2-1/2"]
[WhiteElo "2527"]
[BlackElo "2434"]
[PlyCount "42"]
[EventDate "2002.02.12"]
[EventType "swiss"]
[EventRounds "9"]
[EventCountry "RUS"]
[Source "Fruth,M"]
[SourceDate "2003.05.15"]

1. c4 e6 2. Nc3 d5 3. d4 Nf6 4. Bg5 Be7 5. Nf3 h6 6. Bh4 O-O 7. e3 b6 8. Bd3
Bb7 9. O-O Nbd7 10. Qe2 c5 11. Rfd1 Ne4 12. Bg3 cxd4 13. exd4 Nxg3 14. hxg3
dxc4 15. Bxc4 Nf6 16. Ne5 Nd5 17. Rac1 Rc8 18. Bb3 Bb4 19. Nxd5 Bxd5 20. Rxc8
Qxc8 21. Bxd5 exd5 1/2-1/2

[Event "Mario Covas jun IT 2"]
[Site "Sao Paulo"]
[Date "2002.02.22"]
[Round "3"]
[White "Disconzi da Silva, Rodrigo"]
[Black "Pelikian, Jefferson"]
[Result "1/2-1/2"]
[WhiteElo "2415"]
[BlackElo "2415"]
[PlyCount "118"]
[EventDate "2002.02.20"]
[EventType "tourn"]
[EventRounds "9"]
[EventCountry "BRA"]
[EventCategory "9"]
[Source "Fruth,M"]
[SourceDate "2003.05.15"]

1. d4 Nf6 2. c4 e6 3. Nc3 d5 4. Bg5 Be7 5. e3 O-O 6. Nf3 h6 7. Bh4 b6 8. Bd3
Bb7 9. O-O Nbd7 10. Bg3 a6 11. a4 c5 12. Qe2 Ra7 13. cxd5 exd5 14. Ne5 Re8 15.
Rad1 Bf8 16. Bb1 g6 17. f4 Nh5 18. Be1 cxd4 19. exd4 Ndf6 20. Bh4 Bc8 21. Qf3
Qd6 22. g4 Ng7 23. Bxf6 Qxf6 24. Nxd5 Qd6 25. g5 Nh5 26. h4 Bb7 27. Be4 Bxd5
28. Bxd5 Bg7 29. Qb3 Rf8 30. Be4 Kh7 31. Qf3 Kh8 32. Kg2 Rc7 33. Rf2 Kg8 34. b3
b5 35. axb5 axb5 36. Rfd2 b4 37. Rd3 Rc3 38. Rf1 Rxd3 39. Qxd3 Rc8 40. Rf3 hxg5
41. hxg5 Rc3 42. Qb5 Rxf3 43. Qe8+ Kh7 44. Kxf3 Bxe5 45. Qxe5 Qa6 46. Bd5 Qf1+
47. Ke3 Qe1+ 48. Kf3 Qg3+ 49. Ke4 Qg2+ 50. Kd3 Qf1+ 51. Ke3 Qe1+ 52. Kf3 Qg3+
53. Ke4 Qe1+ 54. Kf3 Qf1+ 55. Ke3 Qe1+ 56. Kd3 Qf1+ 57. Ke3 Qe1+ 58. Kf3 Qg3+
59. Ke4 Qe1+ 1/2-1/2

[Event "AUT-ch TT qual Staatsliga"]
[Site "AUT"]
[Date "2002.??.??"]
[Round "2.2"]
[White "Gruenberg, Hans Ulrich"]
[Black "Dorfman, Josif D"]
[Result "1/2-1/2"]
[WhiteElo "2441"]
[BlackElo "2613"]
[PlyCount "34"]
[EventDate "2002.03.??"]
[EventType "team"]
[EventRounds "3"]
[EventCountry "AUT"]
[Source "Fruth,M"]
[SourceDate "2003.05.15"]

1. d4 Nf6 2. c4 e6 3. Nf3 d5 4. Nc3 Be7 5. Bg5 h6 6. Bh4 O-O 7. e3 b6 8. Bd3
Bb7 9. O-O Nbd7 10. Qe2 c5 11. Bg3 Ne4 12. cxd5 exd5 13. Rad1 Qc8 14. Rfe1 Ndf6
15. dxc5 Nxg3 16. hxg3 bxc5 17. e4 dxe4 1/2-1/2

[Event "Budapest FS03 GM IT"]
[Site "Budapest"]
[Date "2002.??.??"]
[Round "6"]
[White "Kustar, Sandor"]
[Black "Butnorius, Algimantas"]
[Result "1/2-1/2"]
[WhiteElo "2410"]
[BlackElo "2445"]
[PlyCount "37"]
[EventDate "2002.03.??"]
[EventType "tourn"]
[EventRounds "13"]
[EventCountry "HUN"]
[EventCategory "7"]
[Source "Fruth,M"]
[SourceDate "2003.05.15"]

1. Nf3 d5 2. d4 Nf6 3. c4 e6 4. Bg5 Be7 5. Nc3 h6 6. Bh4 O-O 7. e3 b6 8. Bd3
Bb7 9. O-O Nbd7 10. Rc1 dxc4 11. Bxc4 a6 12. a4 c5 13. Qe2 cxd4 14. exd4 Nh5
15. Bg3 Nxg3 16. hxg3 Nf6 17. Rfd1 Bb4 18. Ne5 Qd6 19. Bd3 1/2-1/2

[Event "Anibal op 9"]
[Site "Linares"]
[Date "2002.03.02"]
[Round "2.1"]
[White "Beliavsky, Alexander G"]
[Black "Johannessen, Leif Erlend"]
[Result "0-1"]
[WhiteElo "2649"]
[BlackElo "2427"]
[PlyCount "138"]
[EventDate "2002.03.01"]
[EventType "swiss"]
[EventRounds "10"]
[EventCountry "ESP"]
[Source "Fruth,M"]
[SourceDate "2003.05.15"]

1. d4 d5 2. c4 e6 3. Nf3 Nf6 4. Nc3 Be7 5. Bg5 h6 6. Bh4 O-O 7. e3 b6 8. Be2
Bb7 9. Bxf6 Bxf6 10. cxd5 exd5 11. b4 c6 12. O-O a5 13. bxa5 Rxa5 14. a4 Bc8
15. Qc2 Be6 16. Rfc1 Nd7 17. Bf1 Qa8 18. Qd1 Rc8 19. g3 g6 20. Bg2 Bg7 21. Ne2
Qb8 22. Nf4 Qd6 23. Nd2 Rca8 24. Nb3 R5a7 25. Ra2 Nf8 26. Qc2 Bd7 27. a5 bxa5
28. Rca1 Qb4 29. Nd3 Qb6 30. Qc3 Ne6 31. h4 Bc8 32. Rxa5 Rxa5 33. Rxa5 Rxa5 34.
Nxa5 Ba6 35. Qb4 Bb5 36. Nb3 Qa6 37. Ndc5 Nxc5 38. Nxc5 Qa1+ 39. Kh2 Qa2 40.
Qe1 h5 41. Bf1 Bf8 42. Nd3 Bd6 43. Kg2 Qc2 44. Qe2 Qb1 45. Qd2 Kg7 46. Be2 Bc4
47. Nf4 Bxf4 48. gxf4 Bb5 49. Qd1 Qf5 50. Bf3 Bd3 51. Kg3 Bc4 52. Kh2 Qf6 53.
Kg3 Qf5 54. Qc1 Qd3 55. Kh2 Kh7 56. Qg1 Qc2 57. Bd1 Qd3 58. Bf3 Qc2 59. Kg3 Be2
60. Bg2 Bd3 61. Qa1 Be4 62. Qa7 Kg7 63. Qe7 Bxg2 64. Kxg2 Qe2 65. Qg5 Qd3 66.
f5 Qe4+ 67. Kg3 Kh7 68. f3 Qb1 69. Kf4 Qb8# 0-1

[Event "SUI-ch TT"]
[Site "SUI"]
[Date "2002.03.03"]
[Round "1.1"]
[White "Gavrikov, Viktor"]
[Black "Gabriel, Christian"]
[Result "1/2-1/2"]
[WhiteElo "2578"]
[BlackElo "2553"]
[PlyCount "36"]
[EventDate "2002.03.03"]
[EventType "team"]
[EventRounds "9"]
[EventCountry "SUI"]
[Source "Fruth,M"]
[SourceDate "2003.05.15"]

1. c4 e6 2. d4 Nf6 3. Nc3 d5 4. Bg5 Be7 5. e3 h6 6. Bh4 O-O 7. Nf3 b6 8. Be2
Bb7 9. Rc1 dxc4 10. Bxc4 c5 11. dxc5 Qxd1+ 12. Kxd1 Bxc5 13. Ke2 Nc6 14. Rhd1
Rfd8 15. h3 Rxd1 16. Rxd1 Rd8 17. Rxd8+ Nxd8 18. g4 Nc6 1/2-1/2

[Event "YUG-ch 57"]
[Site "Banja Koviljaca"]
[Date "2002.03.16"]
[Round "1"]
[White "Arsovic, Goran"]
[Black "Ilincic, Zlatko"]
[Result "1/2-1/2"]
[WhiteElo "2437"]
[BlackElo "2534"]
[PlyCount "125"]
[EventDate "2002.03.16"]
[EventType "tourn"]
[EventRounds "13"]
[EventCountry "YUG"]
[EventCategory "10"]
[Source "Fruth,M"]
[SourceDate "2003.05.15"]

1. Nf3 Nf6 2. c4 e6 3. Nc3 d5 4. d4 Be7 5. Bg5 O-O 6. e3 h6 7. Bh4 b6 8. Qb3
Bb7 9. Bxf6 Bxf6 10. cxd5 exd5 11. Rd1 Re8 12. a3 c6 13. Bd3 Nd7 14. O-O Nf8
15. Rfe1 Ne6 16. Bb1 g6 17. Ba2 Re7 18. Qc2 Qc7 19. h4 h5 20. e4 Rd8 21. g3 Bg7
22. exd5 cxd5 23. Qd3 a6 24. Re2 Qd6 25. Rde1 Rde8 26. Kg2 Kf8 27. Kg1 b5 28.
Re3 Bf6 29. Bb3 Nc7 30. Ba2 b4 31. axb4 Qxb4 32. Rxe7 Rxe7 33. Rxe7 Qxe7 34.
Qd2 Kg7 35. Qf4 Ne6 36. Qe3 Qd6 37. Qd3 a5 38. Kh2 Bc6 39. Kg2 a4 40. Qa6 Qd7
41. Qb6 Nf4+ 42. Kg1 Qh3 43. Ne1 Qe6 44. Kf1 Bd7 45. Qxe6 Nxe6 46. Bxd5 Bxd4
47. Nc2 Bf6 48. Na3 Nc5 49. Ke2 Bd4 50. Nc2 Be5 51. Ke3 f5 52. f4 Bxc3 53. bxc3
Ne4 54. Bxe4 fxe4 55. Kd4 Kf6 56. c4 a3 57. Nxa3 Kf5 58. c5 Kg4 59. Nc4 Kxg3
60. Kxe4 Kxh4 61. Ne5 Bf5+ 62. Kf3 g5 63. fxg5 1/2-1/2

[Event "YUG-ch 57"]
[Site "Banja Koviljaca"]
[Date "2002.03.26"]
[Round "10"]
[White "Jeremic, Veljko"]
[Black "Abramovic, Bosko"]
[Result "1/2-1/2"]
[WhiteElo "2484"]
[BlackElo "2524"]
[PlyCount "83"]
[EventDate "2002.03.16"]
[EventType "tourn"]
[EventRounds "13"]
[EventCountry "YUG"]
[EventCategory "10"]
[Source "Fruth,M"]
[SourceDate "2003.05.15"]

1. d4 d5 2. c4 e6 3. Nc3 Be7 4. Nf3 Nf6 5. Bg5 h6 6. Bh4 O-O 7. e3 b6 8. Bd3
Nbd7 9. O-O Bb7 10. Qe2 c5 11. Rfd1 Ne4 12. Bg3 cxd4 13. exd4 Nxg3 14. hxg3
dxc4 15. Bxc4 Nf6 16. Ne5 Bb4 17. Rac1 Bxc3 18. bxc3 Rc8 19. Ba6 Bxa6 20. Qxa6
Rc7 21. c4 Qc8 22. Qb5 Rd8 23. a4 Ne4 24. a5 Nd6 25. Qb4 f6 26. axb6 axb6 27.
Ng6 Kf7 28. Nf4 g5 29. Ne2 Nxc4 30. Qb1 Kg7 31. g4 Qd7 32. Ng3 Qf7 33. Rc3 Rdc8
34. Rdc1 Na3 35. Nh5+ Kg8 36. Qb3 Rxc3 37. Rxc3 Rxc3 38. Qxc3 Nb5 39. Qc8+ Kh7
40. Qd8 Kg6 41. Qxb6 Nc3 42. Qb3 1/2-1/2

[Event "Goodricke op 13"]
[Site "Calcutta"]
[Date "2002.03.19"]
[Round "3"]
[White "Sundararajan, Kidambi"]
[Black "Kunte, Abhijit"]
[Result "1/2-1/2"]
[WhiteElo "2412"]
[BlackElo "2479"]
[PlyCount "64"]
[EventDate "2002.03.17"]
[EventType "swiss"]
[EventRounds "11"]
[EventCountry "IND"]
[Source "Fruth,M"]
[SourceDate "2003.05.15"]

1. d4 e6 2. c4 d5 3. Nc3 Be7 4. Nf3 Nf6 5. Bg5 O-O 6. e3 h6 7. Bh4 b6 8. Be2
Bb7 9. Bxf6 Bxf6 10. cxd5 exd5 11. b4 c6 12. O-O a5 13. bxa5 Rxa5 14. a4 Nd7
15. Qc2 Qa8 16. Rab1 c5 17. Bb5 Bc6 18. Qf5 Rc8 19. Rfc1 Nf8 20. Bxc6 Rxc6 21.
Nxd5 cxd4 22. Rxc6 Qxc6 23. Nxf6+ Qxf6 24. Qxf6 gxf6 25. Nxd4 Rxa4 26. g3 Nd7
27. Kg2 Ra2 28. h3 Kh7 29. g4 Nc5 30. Rxb6 Ne4 31. Kf3 Ng5+ 32. Kg2 Ne4 1/2-1/2

[Event "Moscow-ch fin"]
[Site "Moscow"]
[Date "2002.??.??"]
[Round "2"]
[White "Korotylev, Alexey"]
[Black "Kosyrev, Vladimir"]
[Result "1-0"]
[WhiteElo "2554"]
[BlackElo "2565"]
[PlyCount "80"]
[EventDate "2002.04.??"]
[EventType "k.o."]
[EventRounds "5"]
[EventCountry "RUS"]
[Source "Fruth,M"]
[SourceDate "2003.05.15"]

1. d4 e6 2. c4 Nf6 3. Nc3 d5 4. Bg5 Be7 5. Nf3 O-O 6. e3 h6 7. Bh4 b6 8. Bd3
Bb7 9. O-O Nbd7 10. Qe2 c5 11. Bg3 cxd4 12. exd4 dxc4 13. Bxc4 a6 14. a4 Nh5
15. d5 Nxg3 16. hxg3 exd5 17. Nxd5 Bc5 18. b4 Bd6 19. Rfd1 b5 20. axb5 axb5 21.
Rxa8 Qxa8 22. Bb3 Qa3 23. Bc2 Qa8 24. Qd3 g6 25. Ne3 Bxf3 26. gxf3 Bxg3 27.
fxg3 Qxf3 28. Nf1 Qc6 29. Qxd7 Qxc2 30. Rd5 Ra8 31. Qxb5 Qe4 32. Qc6 Re8 33. b5
Kg7 34. Qc3+ Kh7 35. Qd4 Qf3 36. Rd8 Rxd8 37. Qxd8 Qf5 38. b6 h5 39. Qd4 Qb5
40. Ne3 Qg5 1-0

[Event "New White Plus GM open"]
[Site "Dhaka"]
[Date "2002.??.??"]
[Round "11"]
[White "Rahman, Ziaur"]
[Black "Johannessen, Leif Erlend"]
[Result "0-1"]
[WhiteElo "2510"]
[BlackElo "2425"]
[PlyCount "80"]
[EventDate "2002.04.??"]
[EventType "swiss"]
[EventRounds "11"]
[EventCountry "BAN"]
[Source "Fruth,M"]
[SourceDate "2003.05.15"]

1. Nf3 Nf6 2. c4 e6 3. Nc3 d5 4. d4 Be7 5. Bg5 h6 6. Bh4 O-O 7. e3 b6 8. Be2
Bb7 9. Bxf6 Bxf6 10. cxd5 exd5 11. b4 c6 12. O-O a5 13. b5 c5 14. Ne5 Qc7 15.
Ng4 Nd7 16. Bf3 Rad8 17. Nxd5 Bxd5 18. Bxd5 cxd4 19. e4 Bg5 20. h4 Bxh4 21. Rc1
Nc5 22. g3 Bg5 23. f4 Be7 24. Qxd4 Qd7 25. Ne5 Qh3 26. Qe3 Bf6 27. Nc6 Rfe8 28.
Rcd1 Rxd5 29. Rxd5 Rxe4 30. Qf3 Qe6 31. Rd2 Re3 32. f5 Qe8 33. Qf4 Nd3 34. Qd6
Qe4 35. a4 Be5 36. Qd8+ Kh7 37. Rg2 Ne1 38. Rff2 Nxg2 39. Ne7 Re1+ 40. Rf1 Qe3+
0-1

[Event "FIDE Grandprix KO+"]
[Site "Dubai"]
[Date "2002.04.07"]
[Round "4.1"]
[White "Karpov, Anatoly"]
[Black "Topalov, Veselin"]
[Result "1/2-1/2"]
[WhiteElo "2693"]
[BlackElo "2739"]
[PlyCount "62"]
[EventDate "2002.04.03"]
[EventType "k.o. (rapid)"]
[EventRounds "5"]
[EventCountry "UAE"]
[Source "Fruth,M"]
[SourceDate "2003.05.15"]

1. d4 Nf6 2. Nf3 e6 3. c4 d5 4. Nc3 Be7 5. Bg5 h6 6. Bh4 O-O 7. e3 b6 8. Be2
Bb7 9. Bxf6 Bxf6 10. cxd5 exd5 11. b4 c5 12. bxc5 bxc5 13. Rb1 Bc6 14. O-O Nd7
15. Bb5 Qc7 16. Qc2 Rab8 17. dxc5 Bxc3 18. Bxc6 Qxc6 19. Qxc3 Qxc5 20. Qxc5
Nxc5 21. Nd4 Rfc8 22. Rfc1 Rxb1 23. Rxb1 Ne6 24. Nf5 Rc2 25. a3 Ra2 26. Ne7+
Kh7 27. Nxd5 Rxa3 28. h4 Ra5 29. e4 f5 30. exf5 Nd4 31. Ne3 Nxf5 1/2-1/2

[Event "Dos Hermanas op"]
[Site "Sevilla"]
[Date "2002.04.10"]
[Round "6"]
[White "Komljenovic, Davor"]
[Black "Rustemov, Alexander"]
[Result "1/2-1/2"]
[WhiteElo "2505"]
[BlackElo "2607"]
[PlyCount "60"]
[EventDate "2002.04.05"]
[EventType "swiss"]
[EventRounds "9"]
[EventCountry "ESP"]
[Source "Fruth,M"]
[SourceDate "2003.05.15"]

1. c4 e6 2. Nc3 d5 3. d4 Be7 4. Nf3 Nf6 5. Bg5 h6 6. Bh4 O-O 7. e3 b6 8. cxd5
Nxd5 9. Bxe7 Qxe7 10. Nxd5 exd5 11. Rc1 Be6 12. Bd3 c5 13. dxc5 bxc5 14. O-O
Nd7 15. e4 d4 16. Bb1 Rfb8 17. Qc2 Rb4 18. a3 Rb6 19. b4 cxb4 20. Nxd4 b3 21.
Qc7 Qf6 22. Nxe6 Qxe6 23. Rfd1 Nf8 24. e5 b2 25. Rc3 Rab8 26. f4 Rb3 27. f5
Rxc3 28. Qxc3 Qb6+ 29. Kf1 Qb5+ 30. Kf2 Re8 1/2-1/2

[Event "WICC qual Moscow 25'+10"]
[Site "FIDE.com"]
[Date "2002.04.14"]
[Round "3"]
[White "Rogozenko, Dorian"]
[Black "Jonkman, Harmen"]
[Result "1-0"]
[WhiteElo "2530"]
[BlackElo "2498"]
[PlyCount "75"]
[EventDate "2002.04.12"]
[EventType "swiss"]
[EventRounds "9"]
[EventCountry "RUS"]
[Source "Fruth,M"]
[SourceDate "2003.05.15"]

1. c4 e6 2. Nc3 d5 3. d4 Nf6 4. Bg5 Be7 5. e3 O-O 6. Nf3 h6 7. Bh4 b6 8. Be2
Bb7 9. Bxf6 Bxf6 10. cxd5 exd5 11. b4 c6 12. O-O Re8 13. Qb3 a5 14. bxa5 Rxa5
15. a4 Nd7 16. Rfe1 g6 17. Rab1 Bg7 18. Bf1 Re6 19. g3 Qf6 20. Bg2 Ba6 21. Qc2
Qe7 22. Rec1 Qd6 23. Nd2 Bb7 24. Nb3 Ra7 25. Bxd5 cxd5 26. Nb5 Qb8 27. Nxa7
Qxa7 28. Qc7 Re7 29. Qd8+ Bf8 30. Rc7 Qxa4 31. Rxb7 Qa2 32. Nd2 Qxd2 33. Rxd7
Rxe3 34. Qf6 Re1+ 35. Kg2 Be7 36. Rxe7 Rxe7 37. Qxe7 Qxd4 38. Qe3 1-0

[Event "Guingamp op 6"]
[Site "Guingamp"]
[Date "2002.??.??"]
[Round "5"]
[White "Ivanov, Jordan"]
[Black "Velikov, Petar"]
[Result "1/2-1/2"]
[WhiteElo "2411"]
[BlackElo "2418"]
[PlyCount "25"]
[EventDate "2002.04.16"]
[EventType "swiss"]
[EventRounds "7"]
[EventCountry "FRA"]
[Source "Fruth,M"]
[SourceDate "2003.05.15"]

1. Nf3 Nf6 2. c4 e6 3. d4 d5 4. Nc3 Be7 5. Bg5 O-O 6. e3 h6 7. Bh4 b6 8. Bxf6
Bxf6 9. cxd5 exd5 10. Qb3 Be6 11. Rd1 Nc6 12. Bd3 Ne7 13. O-O 1/2-1/2

[Event "Backa Palanka op"]
[Site "Backa Palanka"]
[Date "2002.??.??"]
[Round "7"]
[White "Ostojic, Nikola"]
[Black "Markovic, Zoran S"]
[Result "1/2-1/2"]
[WhiteElo "2462"]
[BlackElo "2409"]
[PlyCount "108"]
[EventDate "2002.05.02"]
[EventType "swiss"]
[EventRounds "9"]
[EventCountry "YUG"]
[Source "Fruth,M"]
[SourceDate "2003.05.15"]

1. d4 d5 2. c4 e6 3. Nc3 Nf6 4. Nf3 Be7 5. Bg5 O-O 6. e3 h6 7. Bh4 b6 8. Bd3
Bb7 9. O-O Nbd7 10. Qe2 c5 11. Bg3 Ne4 12. cxd5 exd5 13. Rad1 Qc8 14. Rfe1 Ndf6
15. dxc5 Nxc3 16. bxc3 bxc5 17. Rb1 Ne4 18. Qc2 Nxg3 19. hxg3 Bf6 20. c4 d4 21.
e4 Bc6 22. e5 Bd8 23. Bh7+ Kh8 24. Bf5 Qc7 25. Be4 Qd7 26. Bxc6 Qxc6 27. e6 Bf6
28. exf7 Qc7 29. Re2 Qxf7 30. Ne1 Rab8 31. Rxb8 Rxb8 32. Nd3 Qg6 33. Re1 Qf5
34. Rb1 Rxb1+ 35. Qxb1 Bd8 36. Qc2 Qe4 37. Kf1 Bf6 38. Qb3 Qf5 39. Qc2 Qe4 40.
Qe2 Qc6 41. Qd1 Qa6 42. Qb3 Qa5 43. Qc2 Qb6 44. Qb3 Qa5 45. Ke2 Bg5 46. f4 Bf6
47. Nf2 Be7 48. Ne4 Bf8 49. g4 Qc7 50. Kf3 Qa5 51. a3 Qe1 52. Qd3 Be7 53. Ng3
Qc1 54. Ne4 Qe1 1/2-1/2

[Event "Pula op 16"]
[Site "Pula"]
[Date "2002.05.19"]
[Round "9"]
[White "Feletar, Darko"]
[Black "Palac, Mladen"]
[Result "1/2-1/2"]
[WhiteElo "2435"]
[BlackElo "2574"]
[PlyCount "20"]
[EventDate "2002.05.12"]
[EventType "swiss"]
[EventRounds "9"]
[EventCountry "CRO"]
[Source "Fruth,M"]
[SourceDate "2003.05.15"]

1. Nf3 d5 2. d4 Nf6 3. c4 e6 4. Nc3 Be7 5. Bg5 h6 6. Bh4 O-O 7. e3 b6 8. Be2
Bb7 9. Bxf6 Bxf6 10. cxd5 exd5 1/2-1/2

[Event "Borowski mem GM IT"]
[Site "Essen"]
[Date "2002.05.16"]
[Round "1"]
[White "Zvjaginsev, Vadim"]
[Black "Kasimdzhanov, Rustam"]
[Result "1-0"]
[WhiteElo "2645"]
[BlackElo "2674"]
[PlyCount "47"]
[EventDate "2002.05.16"]
[EventType "tourn"]
[EventRounds "9"]
[EventCountry "GER"]
[EventCategory "16"]
[Source "Fruth,M"]
[SourceDate "2003.05.15"]

1. d4 Nf6 2. c4 e6 3. Nc3 d5 4. Bg5 Be7 5. Nf3 h6 6. Bh4 O-O 7. e3 b6 8. Be2
Bb7 9. Bxf6 Bxf6 10. cxd5 exd5 11. b4 c6 12. O-O a5 13. b5 c5 14. Ne5 Qc7 15.
Ng4 Be7 16. Bf3 Rd8 17. Rc1 Ra7 18. Ne5 Qd6 19. Bg4 Ba8 20. Na4 Rc7 21. Qc2 Bb7
22. f4 c4 23. Nc3 f6 24. Qg6 {
Angesichts der zahlreichen Drohungen (Bf5, Qf7, Nf7) ist Schwarz hilflos.} 1-0

[Event "RUS-ch TT 9"]
[Site "Ekaterinburg"]
[Date "2002.05.18"]
[Round "2"]
[White "Aseev, Konstantin N"]
[Black "Rustemov, Alexander"]
[Result "1/2-1/2"]
[WhiteElo "2579"]
[BlackElo "2598"]
[PlyCount "97"]
[EventDate "2002.05.17"]
[EventType "team"]
[EventRounds "10"]
[EventCountry "RUS"]
[Source "Fruth,M"]
[SourceDate "2003.05.15"]

1. d4 d5 2. c4 e6 3. Nf3 Nf6 4. Nc3 Be7 5. Bg5 h6 6. Bh4 O-O 7. e3 b6 8. Bd3
Bb7 9. O-O Nbd7 10. Qe2 c5 11. Rfd1 Ne4 12. Bxe7 Qxe7 13. cxd5 exd5 14. Rac1
Nxc3 15. bxc3 c4 16. Bb1 b5 17. g3 g6 18. Nh4 Rfe8 19. Re1 Nf6 20. f3 a5 21.
Qd2 Ra6 22. Re2 Re6 23. Ng2 b4 24. Bc2 bxc3 25. Qxc3 Qb4 26. Qa1 Qa3 27. Rb1
Ba6 28. Kf2 a4 29. Bd1 c3 30. Rc2 Rc6 31. Rbc1 Rec8 32. Nf4 g5 33. Ne2 Bxe2 34.
Bxe2 g4 35. Bb5 R6c7 36. Bd3 h5 37. Bf5 Rb8 38. Rxc3 Rxc3 39. Rxc3 Rb3 40. Rc8+
Kg7 41. Qc1 Qxa2+ 42. Rc2 Qa3 43. Qxa3 Rxa3 44. Ke2 Ra1 45. fxg4 hxg4 46. Kd2
Ne4+ 47. Bxe4 dxe4 48. Rc1 Ra3 49. Rc3 1/2-1/2

[Event "Guillermo Garcia mem TORRE IT"]
[Site "Santa Clara"]
[Date "2002.05.22"]
[Round "4"]
[White "Marzolo, Cyril"]
[Black "Arencibia, Walter"]
[Result "1-0"]
[WhiteElo "2405"]
[BlackElo "2542"]
[PlyCount "73"]
[EventDate "2002.05.19"]
[EventType "tourn"]
[EventRounds "11"]
[EventCountry "CUB"]
[EventCategory "8"]
[Source "Fruth,M"]
[SourceDate "2003.05.15"]

1. d4 d5 2. Nf3 Nf6 3. c4 e6 4. Nc3 Be7 5. Bg5 O-O 6. e3 h6 7. Bh4 b6 8. Bxf6
Bxf6 9. cxd5 exd5 10. Bd3 Be6 11. O-O Nc6 12. Rc1 Ne7 13. Ne2 Bg4 14. Nf4 g5
15. Ne2 Bxf3 16. gxf3 Bh8 17. f4 f5 18. Kh1 g4 19. Ng3 Qd7 20. f3 Rf7 21. fxg4
fxg4 22. f5 Kf8 23. Qxg4 Ng8 24. Nh5 Nf6 25. Qg6 Nxh5 26. Qxh6+ Ke7 27. Qxh5
Bf6 28. Qe2 Rh8 29. Bb5 Qd8 30. Rc6 Kf8 31. Re6 Be7 32. f6 Bd6 33. Rf2 Rfh7 34.
Qg4 Bxh2 35. Re8+ Qxe8 36. Bxe8 Bd6+ 37. Kg2 1-0

[Event "BIH-ch TT"]
[Site "Neum"]
[Date "2002.06.03"]
[Round "3.1"]
[White "Ristic, Nenad"]
[Black "Lekic, Dusan"]
[Result "1-0"]
[WhiteElo "2464"]
[BlackElo "2410"]
[PlyCount "151"]
[EventDate "2002.06.02"]
[EventType "team"]
[EventRounds "9"]
[EventCountry "BIH"]
[Source "Fruth,M"]
[SourceDate "2003.05.15"]

1. d4 Nf6 2. Nf3 e6 3. Bg5 d5 4. c4 Be7 5. Nc3 O-O 6. e3 h6 7. Bh4 b6 8. Bd3
Bb7 9. O-O Nbd7 10. Qe2 Ne4 11. Bg3 c5 12. cxd5 exd5 13. Rfd1 Qc8 14. Rac1 Ndf6
15. dxc5 bxc5 16. Na4 Qe6 17. b4 Nxg3 18. hxg3 c4 19. Bc2 Bxb4 20. Rb1 Qe7 21.
Nd4 g6 22. Rb2 Rab8 23. Rdb1 Bd6 24. Nc3 Ba8 25. Ba4 Rxb2 26. Qxb2 Kg7 27. Rd1
Be5 28. Nf3 Ne4 29. Nd4 Rb8 30. Qc2 Nxc3 31. Qxc3 Rb6 32. Bc2 Bf6 33. Ba4 Qb4
34. Qxb4 Rxb4 35. Bc6 Bxc6 36. Nxc6 Rb2 37. Rxd5 c3 38. Rc5 Rxa2 39. e4 c2 40.
Kh2 h5 41. f4 Kf8 42. Nb4 Ra4 43. Nd5 Bd4 44. Rxc2 Ra1 45. g4 h4 46. g3 g5 47.
Rd2 Bc5 48. Rc2 Bd4 49. Rd2 Bc5 50. gxh4 gxf4 51. Kg2 Ra3 52. Nxf4 Be3 53. Rd8+
Ke7 54. Rd3 Rxd3 55. Nxd3 a5 56. Kf3 Bd4 57. g5 a4 58. h5 Bc3 59. h6 a3 60. Nc1
Kf8 61. Kg4 Ba5 62. Kf5 Kg8 63. e5 Bd8 64. g6 fxg6+ 65. Kxg6 Kh8 66. Na2 Be7
67. e6 Bh4 68. Nc3 Be7 69. h7 Bd8 70. Nb5 Be7 71. Nc3 Bd8 72. Kh6 Be7 73. Na2
Bf8+ 74. Kg6 Be7 75. Nc1 Bd6 76. Nd3 1-0

[Event "Pardubice KB op"]
[Site "Pardubice"]
[Date "2002.??.??"]
[Round "8.1"]
[White "Macieja, Bartlomiej"]
[Black "Hracek, Zbynek"]
[Result "1/2-1/2"]
[WhiteElo "2607"]
[BlackElo "2600"]
[PlyCount "129"]
[EventDate "2002.07.??"]
[EventType "swiss"]
[EventRounds "9"]
[EventCountry "CZE"]
[Source "Fruth,M"]
[SourceDate "2003.05.15"]

1. d4 Nf6 2. Nf3 d5 3. c4 e6 4. Nc3 Be7 5. Bg5 O-O 6. e3 h6 7. Bh4 b6 8. Rc1
Bb7 9. Bxf6 Bxf6 10. cxd5 exd5 11. Bd3 c5 12. O-O cxd4 13. Nxd4 Nc6 14. Nxc6
Bxc6 15. Ne2 Qd6 16. Bb1 Bb5 17. Qc2 g6 18. Rfd1 Bxe2 19. Qxe2 Rac8 20. Bd3 Qe5
21. Rb1 Rc5 22. g3 Qe6 23. a3 Kg7 24. h4 h5 25. Rd2 Rfc8 26. Kg2 Rc1 27. Qf3
R8c5 28. b4 R5c3 29. Rxc1 Rxc1 30. Be2 d4 31. exd4 Qd6 32. Qe3 Qd5+ 33. Bf3 Qc4
34. Qd3 Qc7 35. d5 Qd6 36. Qa6 Qe5 37. Re2 Qd4 38. Re3 Rc2 39. Qd3 Rd2 40. Qxd4
Bxd4 41. Re2 Rxe2 42. Bxe2 Be5 43. Kf3 Bd6 44. Ba6 Kf6 45. Ke4 Be5 46. f4 Bd6
47. Kd4 Ke7 48. Kc4 Kd7 49. Bb5+ Ke7 50. Ba6 Kd7 51. Kb5 Ke7 52. Ka4 Kd7 53.
Bb5+ Ke7 54. Ba6 Kd7 55. Bd3 a5 56. bxa5 bxa5 57. f5 Bxg3 58. fxg6 fxg6 59.
Bxg6 Kd6 60. Be4 Be1 61. Kb5 Bd2 62. Bf3 Be1 63. a4 Bd2 64. Bxh5 Kxd5 65. Bf3+
1/2-1/2

[Event "White Nights op"]
[Site "St.Petersburg"]
[Date "2002.??.??"]
[Round "5.3"]
[White "Lugovoi, Aleksei"]
[Black "Zakharevich, Igor"]
[Result "1/2-1/2"]
[WhiteElo "2510"]
[BlackElo "2472"]
[PlyCount "30"]
[EventDate "2002.07.02"]
[EventType "swiss"]
[EventRounds "9"]
[EventCountry "RUS"]
[Source "Fruth,M"]
[SourceDate "2003.05.15"]

1. d4 Nf6 2. c4 e6 3. Nc3 d5 4. Bg5 Be7 5. Nf3 O-O 6. e3 h6 7. Bh4 b6 8. Be2
Bb7 9. Rc1 dxc4 10. Bxc4 Nbd7 11. O-O a6 12. a4 Nd5 13. Bg3 c5 14. Qe2 cxd4 15.
exd4 N7f6 1/2-1/2

[Event "Biel MTO op"]
[Site "Biel"]
[Date "2002.07.25"]
[Round "4"]
[White "Huzman, Alexander"]
[Black "Zoler, Dan"]
[Result "1/2-1/2"]
[WhiteElo "2580"]
[BlackElo "2497"]
[PlyCount "29"]
[EventDate "2002.07.22"]
[EventType "swiss"]
[EventRounds "11"]
[EventCountry "SUI"]
[Source "Fruth,M"]
[SourceDate "2003.05.15"]

1. d4 Nf6 2. Nf3 e6 3. c4 d5 4. Nc3 Be7 5. Bg5 h6 6. Bh4 O-O 7. e3 b6 8. Bd3
Bb7 9. O-O Nbd7 10. Qe2 c5 11. Rad1 Ne4 12. Bg3 Nxg3 13. hxg3 cxd4 14. Nxd4 Bb4
15. cxd5 1/2-1/2